CDM Regulations 2007 procedures manual (Record no. 107990)

MARC details
000 -LEADER
fixed length control field 01509cam a22003015a 4500
001 - CONTROL NUMBER
control field L142816
008 - FIXED-LENGTH DATA ELEMENTS--GENERAL INFORMATION
fixed length control field 080311s2008 xxk f 000 0 eng d
020 ## - INTERNATIONAL STANDARD BOOK NUMBER
International Standard Book Number 9781405140027
035 ## - SYSTEM CONTROL NUMBER
System control number (Sirsi) u142816
041 0# - LANGUAGE CODE
Language code of text/sound track or separate title eng
050 04 - LIBRARY OF CONGRESS CALL NUMBER
Classification number 344.410465 $1 8
100 1# - MAIN ENTRY--PERSONAL NAME
Personal name Summerhayes, Stuart
245 00 - TITLE STATEMENT
Title CDM Regulations 2007 procedures manual
Medium [electronic resource]
250 ## - EDITION STATEMENT
Edition statement 3rd ed.
260 ## - PUBLICATION, DISTRIBUTION, ETC.
Place of publication, distribution, etc. Oxford
Name of publisher, distributor, etc. Blackwell Publishing
Date of publication, distribution, etc. 2008
300 ## - PHYSICAL DESCRIPTION
Extent eBook
505 2# - FORMATTED CONTENTS NOTE
Formatted contents note 1 Introduction -- -- 2 Application and interpretation -- 3 All duty holders -- 4 The client -- 5 The designer -- 6 The contractor -- 7 The CDM co-ordinator -- 8 The principal contractor -- 9 Documentation -- 10 Checklists and agendas
520 ## - SUMMARY, ETC.
Summary, etc. The manual provides flow charts, checklists and sample documents for the use of those involved with the Construction (Design and Management) Regulations 2007, including clients, designers, principle contractors, other contractors and CDM co-ordinator. This edition is updated to take account of changes to the CDM Regulations 2007 and also takes account of the 2007 Approved Code of Practice.
520 ## - SUMMARY, ETC.
Summary, etc. Supersedes 2nd ed. (ISBN 1405107405).
521 ## - TARGET AUDIENCE NOTE
Target audience note Advanced
590 ## - LOCAL NOTE (RLIN)
Local note KA
650 24 - SUBJECT ADDED ENTRY--TOPICAL TERM
Topical term or geographic name entry element EBOOK
651 #4 - SUBJECT ADDED ENTRY--GEOGRAPHIC NAME
Geographic name Great Britain
Chronological subdivision 1707-
690 ## - LOCAL SUBJECT ADDED ENTRY--TOPICAL TERM (OCLC, RLIN)
Topical term or geographic name as entry element BUILT ENVIRONMENT-CONSTRUCTION MANAGEMENT-CONSTRUCTION DESIGN AND MANAGEMENT
856 48 - ELECTRONIC LOCATION AND ACCESS
Uniform Resource Identifier <a href="https://www.vlebooks.com/">https://www.vlebooks.com/</a>
Public note View on VLEbooks. Logins for members only from [email protected]
942 ## - ADDED ENTRY ELEMENTS (KOHA)
Suppress in OPAC 0
Holdings
Withdrawn status Lost status Damaged status Not for loan Home library Current library Shelving location Date acquired Total Checkouts Full call number Barcode Date last seen Date last checked out Copy number Price effective from Koha item type Source of classification or shelving scheme Cost, normal purchase price Cost, replacement price
  Missing from bundle     London London Books 15/04/2008 10 F344.410465 SUM 30074301 06/08/2019 27/11/2009 1 06/08/2019 Book      
        Virtual Virtual Online 23/11/2010   EBOOK 142816-3001 06/08/2019   1 06/08/2019 Online material Dewey Decimal Classification 84.15 84.15